| 000 | 00350nam a22001577a 4500 | ||
|---|---|---|---|
| 003 | SGT | ||
| 020 | _a978-81-8475-658-8 | ||
| 082 |
_a611 _bC17S |
||
| 100 | _aSNELL, RICHARD S. | ||
| 245 | _aCLINICAL ANATOMY BY REGIONS | ||
| 250 | _a9TH | ||
| 260 |
_aINDIA _bWOLTERS KLUWER _c2017 |
||
| 300 | _a754 | ||
| 650 | _aANATOMY | ||
| 942 |
_2ddc _cBK _011 |
||
| 999 |
_c15566 _d15566 |
||